Sports Quiz

Random Sports or MLB Quiz

MLB Team Rivals Quiz Stats

 Plays Quiz not verified by Sporcle

Challenge
Share
Tweet
Embed
Score 0/30 Timer 05:00
0 Plays Today
-- Franchise -- (Current Name) -- Opponent -- (Current Name) % Correct
Arizona DiamondbacksSan Diego Padres
84.3%
Baltimore OriolesNew York Yankees
75.8%
Boston Red SoxBaltimore Orioles
66.6%
Chicago White SoxMinnesota Twins
56.4%
Chicago CubsPittsburgh Pirates
56.2%
New York YankeesBaltimore Orioles
55%
Los Angeles DodgersSan Francisco Giants
54.6%
New York MetsPhiladelphia Phillies
54.1%
Colorado RockiesLos Angeles Dodgers/San Diego Padres
53.5%
Detroit TigersCleveland Indians
53%
Cleveland IndiansDetroit Tigers
52%
Florida MarlinsPhiladelphia Phillies
50.9%
San Francisco GiantsLos Angeles Dodgers
49.7%
Minnesota TwinsChicago White Sox
49.1%
Kansas City RoyalsMinnesota Twins
46.9%
-- Franchise -- (Current Name) -- Opponent -- (Current Name) % Correct
Tampa Bay RaysBoston Red Sox
45.5%
San Diego PadresLos Angeles Dodgers
45%
Los Angeles AngelsOakland Athletics
44.5%
Houston AstrosCincinnati Reds
43.2%
Pittsburgh PiratesChicago Cubs
41.9%
Toronto Blue JaysBaltimore Orioles
41.8%
Seattle MarinersTexas Rangers
41.2%
Texas RangersLos Angeles Angels
40.5%
Washington NationalsPhiladelphia Phillies
40.3%
Atlanta BravesSan Francisco Giants
38.6%
St. Louis CardinalsPittsburgh Pirates
37.7%
Cincinnati RedsLos Angeles Dodgers
34.1%
Philadelphia PhilliesChicago Cubs
33.1%
Milwaukee BrewersMinnesota Twins
30.3%
Oakland AthleticsMinnesota Twins
26.4%

You're not logged in!

Compare scores with friends on all Sporcle quizzes.
Join for Free
OR
Log In

You Might Also Like...

Show Comments

Extras

Top Quizzes Today


Score Distribution

Your Account Isn't Verified!

In order to create a playlist on Sporcle, you need to verify the email address you used during registration. Go to your Sporcle Settings to finish the process.

Report this User

Report this user for behavior that violates our Community Guidelines.

Details: